000 00385nam a2200145Ia 4500
008 100204s9999 xx 000 0 und d
082 _b9451
100 _aशिरोडकर रजनी
245 _aकपट
260 _b"प्रिया प्रकाशन, मुंबई"
_c1987
300 _a184
630 _aकपट
730 _aकपट
942 _cBOOK
999 _c453887
_d453884